|
|
|
|
| LEADER |
01824nam a22003857a 4500 |
| 001 |
mzk03001034808 |
| 003 |
CZ BrMZK |
| 005 |
20210105124528.0 |
| 007 |
ta |
| 008 |
060209s1676 fr ai fr|||||00| ||freod |
| 040 |
|
|
|a BOA001
|b cze
|c BOA001
|
| 072 |
|
7 |
|a 094
|x Staré tisky
|2 Konspekt
|9 12
|
| 080 |
|
|
|a (0.068)094
|2 MRF
|
| 100 |
0 |
|
|a Theodoret z Kyrrhu,
|d 393-asi 466
|7 skuk0005572
|4 aut
|
| 245 |
1 |
0 |
|a Histoire de l'Eglise.
|n Tome IV. /
|c Ecrite par Theodoret, et par Evagre. Traduite par Monsieur Cousin, President en la Cour des Monnoyes
|
| 260 |
|
|
|a A Paris :
|b En la Boutique de Pierre Rocolet. Chez Damien Foucault, Impr. & Lib. ordin. du Roi & de la Ville, au Palais en la Gallerie des Prisonniers, aux Armes du Roi & de la Ville,
|c 1676
|
| 300 |
|
|
|a [112], 750, [9] s. ;
|c 4°
|
| 500 |
|
|
|a Výzdoba: Nad impresem Francouzský královský znak, vlysy, viněty, iniciály, v textu mědirytina
|
| 561 |
|
|
|a Provenience: [mědirytinové erbovní exlibris] Friedrich Graf Sylva Tarouca
|
| 561 |
|
|
|a Provenience: [razítko] Franzmuseum D.K.K.M.S. Ackerbaugesellschaft
|
| 563 |
|
|
|a Původní kožená vazba se zlaceným hřbetem
|
| 655 |
|
7 |
|a staré tisky
|7 fd422076
|2 czenas
|
| 700 |
0 |
|
|a Evagrius Ponticus,
|d 346-399
|7 xx0019956
|4 aut
|
| 700 |
1 |
|
|a Cousin, Louis,
|d 1627-1707
|7 mzk2009511071
|4 trl
|
| 856 |
4 |
2 |
|u http://data.onb.ac.at/rep/109E75E0
|y Digitalizovaný dokument
|z exemplář Österreichische Nationalbibliothek, sign. BE.9.M.12-15.(Vol.4)
|
| 903 |
|
|
|a RP
|
| 910 |
|
|
|a BOA001
|b ST2-0001.727,4
|
| 978 |
|
|
|b Foucault, Damien
|a Paris
|c 1676
|
| 978 |
|
|
|b Rocolet, Pierre
|a Paris
|c 1676
|
| 984 |
|
|
|a Paříž
|b Francie
|
| 985 |
|
|
|a 1651-1700
|
| 990 |
|
|
|a BK
|
| 993 |
|
|
|a Y
|
| 991 |
|
|
|k mzk
|
| 996 |
6 |
|
|b 2619273080
|c ST2-0001.727,4
|l stud. ST
|r Sklad / do násl. otevíracího dne
|n 0
|w 001034864
|u 000010
|a 1
|e BOA001
|s P
|